ARRUPE JESUIT UNIVERSITY

CORONAVIRUS -STOP THE SPREAD - CLEAN,DISINFECT,COVER

Critical essays on the philosophy of R. G. Collingwood; (Record no. 129941)

MARC details
000 -LEADER
fixed length control field 00794cam a2200265 4500
001 - CONTROL NUMBER
control field 775739
003 - CONTROL NUMBER IDENTIFIER
control field ARRUPE
005 - DATE AND TIME OF LATEST TRANSACTION
control field 20191017102937.0
008 - FIXED-LENGTH DATA ELEMENTS--GENERAL INFORMATION
fixed length control field 721218s1972 enk b 001 0 eng
010 ## - LIBRARY OF CONGRESS CONTROL NUMBER
LC control number 72195625
015 ## - NATIONAL BIBLIOGRAPHY NUMBER
National bibliography number B72-21294
020 ## - INTERNATIONAL STANDARD BOOK NUMBER
International Standard Book Number 0198243782
040 ## - CATALOGING SOURCE
Original cataloging agency DLC
Transcribing agency DLC
Modifying agency DLC
050 00 - LIBRARY OF CONGRESS CALL NUMBER
Classification number B1618.C74
Item number C75
082 00 - DEWEY DECIMAL CLASSIFICATION NUMBER
Classification number 192
300 ## - PHYSICAL DESCRIPTION
Dimensions 23 cm.
245 00 - TITLE STATEMENT
Title Critical essays on the philosophy of R. G. Collingwood;
Statement of responsibility, etc edited by Michael Krausz.
260 ## - PUBLICATION, DISTRIBUTION, ETC. (IMPRINT)
Place of publication, distribution, etc Oxford,
Name of publisher, distributor, etc Clarendon Press,
Date of publication, distribution, etc 1972.
300 ## - PHYSICAL DESCRIPTION
Extent ix, 357 p.
350 ## - PRICE (NR) (BK AM CF MU VM SE) [OBSOLETE]
Price £4.50
504 ## - BIBLIOGRAPHY, ETC. NOTE
Bibliography, etc Bibliography: p. 327-348.
600 10 - SUBJECT ADDED ENTRY--PERSONAL NAME
Personal name Collingwood, R. G.
Fuller form of name (Robin George),
Dates associated with a name 1889-1943.
9 (RLIN) 23936
700 1# - ADDED ENTRY--PERSONAL NAME
Personal name Krausz, Michael,
Dates associated with a name 1942-
9 (RLIN) 19380
906 ## - LOCAL DATA ELEMENT F, LDF (RLIN)
a 7
b cbc
c orignew
d 3
e ncip
f 19
g y-gencatlg
942 ## - ADDED ENTRY ELEMENTS (KOHA)
Source of classification or shelving scheme Library of Congress Classification
Koha item type Monograph ( Printed materials)
Holdings
Withdrawn status Lost status Source of classification or shelving scheme Damaged status Not for loan Collection code Home library Current library Shelving location Date acquired Total Checkouts Full call number Barcode Date last seen Price effective from Koha item type
    Library of Congress Classification     Main Collection ARRUPE LIBRARY ARRUPE LIBRARY Main Collection 17/10/2019   B1618.C74 C75 46600005542 17/10/2019 17/10/2019 Monograph ( Printed materials)

 

Arrupe Library. PO Box MP320 Mt Pleasant, Harare, Zimbabwe
263 242 745411|librarian@aju.ac.zw